| 000 | 03532cam a22011774i 4500 | ||
|---|---|---|---|
| 003 | PE-LiUPU | ||
| 005 | 20250813185520.0 | ||
| 008 | 150625s r 000 0 d | ||
| 020 | _a0829719725 | ||
| 035 | _a(Sirsi) i9780829719727 | ||
| 040 |
_aPE-LiUPU _bspa _cPE-LiUPU _erda |
||
| 049 | _aPRUA | ||
| 082 | 0 | 4 |
_a306.872 _bM864l _223 |
| 100 | 1 |
_aMorley, Patrick M., _eautor. |
|
| 245 | 1 | 0 |
_aLo que los esposos desean que sus esposas sepan sobre los hombres / _cPatrick M. Morley. |
| 264 | 1 |
_aEstados Unidos : _bEditorial Vida, _c[1998]. |
|
| 300 |
_a253 páginas ; _c21 centímetros. |
||
| 336 |
_atext _2rdacontent |
||
| 337 |
_aunmediated _2rdamedia |
||
| 338 |
_avolume _2rdacarrier |
||
| 505 | 0 | _aNiñez: "Lo que se lo aprendí de mi padre". -Trascendencia: ¿Qué quiere su esposo?. -Obstáculos:¿Qué pertuba a su esposo?. -Presión: Cómo comprender la presión que siente su esposo. -Trabajo: ¿Por que los hombres se preocupan por el trabajo?. -Tentaciones: Las seis tentaciones persistentes contra las que luchan los hombres. -Compañerismo: ¿Qué necesita un esposo de su esposa?. -Intimidad física que otra cosa necesita un hombre de su esposa?. -Comunicación: ¿Qué desean expresar los hombres pero les resulta difícil hacerlo?. -Solución de conflictos: La ayuda en los quehaceres domésticos y otros temas espinosos. -Apariencia: ¿Por qué un hombre quiere que su esposa luzca bien?. -Paternidad: La posición cambiante de su esposo respecto al hecho de ser padre. -Años duros: Cómo vivir con un esposo difícil. -Perspectiva: ¿Por qué tal vez su esposo no sea tan malo como cree?. -Años dorados: Prrepárense para el invierno. | |
| 526 | _aP202 | ||
| 526 | _aP201 | ||
| 526 | _aP163 | ||
| 526 | _aP162 | ||
| 526 | _aP161 | ||
| 526 | _aP160 | ||
| 526 | _aP148 | ||
| 526 | _aP147 | ||
| 526 | _aP146 | ||
| 526 | _aP145 | ||
| 526 | _aP144 | ||
| 526 | _aP143 | ||
| 526 | _aP142 | ||
| 526 | _aP141 | ||
| 526 | _aP140 | ||
| 526 | _aP139 | ||
| 526 | _aP138 | ||
| 526 | _aP137 | ||
| 526 | _aP136 | ||
| 526 | _aP135 | ||
| 526 | _aP134 | ||
| 526 | _aP133 | ||
| 526 | _aP129 | ||
| 526 | _aP128 | ||
| 526 | _aP127 | ||
| 526 | _aP120 | ||
| 526 | _aP119 | ||
| 526 | _aP118 | ||
| 526 | _aP116 | ||
| 526 | _aP115 | ||
| 526 | _aP114 | ||
| 526 | _aP110 | ||
| 526 | _aP109 | ||
| 526 | _aP108 | ||
| 526 | _aP104 | ||
| 526 | _aP103 | ||
| 526 | _aP102 | ||
| 526 | _aP99 | ||
| 526 | _aP98 | ||
| 526 | _aP97 | ||
| 526 | _aP96 | ||
| 526 | _aP95 | ||
| 526 | _aP93 | ||
| 526 | _aP90 | ||
| 526 | _aP89 | ||
| 526 | _aP88 | ||
| 526 | _aP83 | ||
| 526 | _aP82 | ||
| 526 | _aP62 | ||
| 526 | _aP59 | ||
| 526 | _aP58 | ||
| 526 | _aP57 | ||
| 526 | _aP51 | ||
| 526 | _aP49 | ||
| 526 | _aP48 | ||
| 526 | _aP47 | ||
| 526 | _aP29 | ||
| 526 | _aP24 | ||
| 526 | _aP20 | ||
| 526 | _aP19 | ||
| 526 | _aP17 | ||
| 526 | _aP15 | ||
| 526 | _aP14 | ||
| 526 | _aP12 | ||
| 526 | _aP10 | ||
| 526 | _aP09 | ||
| 526 | _aP08 | ||
| 526 | _aP07 | ||
| 526 | _aP06 | ||
| 526 | _aP05 | ||
| 526 | _aP04 | ||
| 526 | _aP01 | ||
| 650 | 1 | 4 |
_aConyuges _xPsicología. |
| 650 | 2 | 4 |
_aMatrimonio. _92383 |
| 650 | 2 | 4 |
_aRelaciones de pareja. _92308 |
| 942 |
_2ddc _cBOOK |
||
| 949 |
_a248.4306872 M79 _wDEWEY _c1 _i56700 _lCCODEBUL1 _mBUL _p9.00 _r0 _sY _tBOOK _u2015-6-25 _xTEOLOGIA _zUNKNOWN _0COMPRA _o.STAFF. Colección General |
||
| 999 |
_c45852 _d45852 |
||
| 980 |
_81 _gALBERTO SANCHEZ Responsable de Automatización |
||